000 00477nam a2200181Ia 4500
005 20240620093242.0
008 240126s9999 xx 000 0 und d
020 _a9789380501932
082 _a001.64404 PET;1 R
100 _aPeterson, Larry L. Davie, Bruce S.
245 0 _aComputer networks : a systems approach
250 _a5th ed.
260 _bElsevier
_aNew Delhi
_c2011
300 _axxxi, 884
440 _aNULL
650 _aComputer,networks
942 _cPU
999 _c277406
_d277406